al-Qaḍāʼ al-idārī fī al-ʻIrāq : (Record no. 48674)

MARC details
000 -LEADER
fixed length control field 00929cam a22002411a 4500
001 - CONTROL NUMBER
control field ne 66000259
003 - CONTROL NUMBER IDENTIFIER
control field DLC
005 - DATE AND TIME OF LATEST TRANSACTION
control field 20260227111820.0
008 - FIXED-LENGTH DATA ELEMENTS--GENERAL INFORMATION
fixed length control field 850116s1965 ua 001 0 arar
010 ## - LIBRARY OF CONGRESS CONTROL NUMBER
LC control number ne 66000259
035 ## - SYSTEM CONTROL NUMBER
System control number (OCoLC)11587797
040 ## - CATALOGING SOURCE
Original cataloging agency DLC
Transcribing agency TxU-L
Modifying agency TxU-L
-- DLC
042 ## - AUTHENTICATION CODE
Authentication code premarc
050 00 - LIBRARY OF CONGRESS CALL NUMBER
Classification number KMJ2764
Item number .A99 1965
100 1# - MAIN ENTRY--PERSONAL NAME
Personal name Ayyūbī, ʻAbd al-Raḥmān Nūrjān.
245 13 - TITLE STATEMENT
Title al-Qaḍāʼ al-idārī fī al-ʻIrāq :
Remainder of title ḥādiruhu wa mustaqbaluh,dirāsah muqāranah, Le contentieuz administratif en Irak dans le prʹesent et l'avenir; ʹetude comparʹee /
Statement of responsibility, etc. ʻAbd al-Raḥmān Nūrjān al-ʻAyyūbī.
260 ## - PUBLICATION, DISTRIBUTION, ETC.
Place of publication, distribution, etc. al-Qāhirah :
Name of publisher, distributor, etc. Dār wa Maṭābiʻ al-Shaʻb,
Date of publication, distribution, etc. 1965.
300 ## - PHYSICAL DESCRIPTION
Extent 514, 4 p. :
Other physical details port. ;
Dimensions 24 cm.
502 ## - DISSERTATION NOTE
Dissertation note Risālat al-Duktūrāh-Jāmiʻat al-Qāhirah.
500 ## - GENERAL NOTE
General note Includes index.
504 ## - BIBLIOGRAPHY, ETC. NOTE
Bibliography, etc. note Bibliography: p. 495-502.
650 #0 - SUBJECT ADDED ENTRY--TOPICAL TERM
Topical term or geographic name entry element Administrative procedure
Geographic subdivision Iraq.

No items available.

Powered by Koha